Why revival tarries. (Record no. 10680)

000 -LEADER
fixed length control field 00733nam a2200205 a 4500
001 - CONTROL NUMBER
control field :::00008469$&:&@@
003 - CONTROL NUMBER IDENTIFIER
control field OkBaRHE
005 - DATE AND TIME OF LATEST TRANSACTION
control field 20000607103344.0
008 - FIXED-LENGTH DATA ELEMENTS--GENERAL INFORMATION
fixed length control field s1960 j 000 0 eng u
040 ## - CATALOGING SOURCE
Transcribing agency
100 1# - MAIN ENTRY--PERSONAL NAME
Personal name Ravenhill, Leonard.
245 10 - TITLE STATEMENT
Title Why revival tarries.
260 ## - PUBLICATION, DISTRIBUTION, ETC. (IMPRINT)
Place of publication, distribution, etc Minneapolis, MN., :
Name of publisher, distributor, etc Bethany Fellowship
Date of publication, distribution, etc c1960
300 ## - PHYSICAL DESCRIPTION
Extent 175 p. ;
Dimensions 20 cm.
650 ## - SUBJECT ADDED ENTRY--TOPICAL TERM
Topical term or geographic name as entry element Revivals
942 ## - ADDED ENTRY ELEMENTS (KOHA)
Source of classification or shelving scheme
Koha item type Books
Copies
Withdrawn status Date last seen Full call number Not for loan Source of classification or shelving scheme Koha item type Barcode Lost status Copy number Permanent Location Price effective from Damaged status Date acquired Shelving location
 2010-04-14BV 3790 .R38  Books8469 1RHEMA Bible Training College2010-04-14 2010-04-14General Stacks
 2010-04-14BV 3790 .R38  Books16347 2RHEMA Bible Training College2010-04-14 2010-04-14General Stacks
 2010-04-14BV 3790 .R38  Books19609 3RHEMA Bible Training College2010-04-14 2010-04-14General Stacks